书目信息 |
| 题名: |
古希腊神话故事
|
|
| 作者: | 刘世洁 编著 | |
| 分册: | ||
| 出版信息: | 北京 中国华侨出版社 2018 |
|
| 页数: | 261页 | |
| 开本: | 21cm | |
| 丛书名: | ||
| 单 册: | ||
| 中图分类: | I17(198.4) | |
| 科图分类: | ||
| 主题词: | 神话--作品集--古希腊 | |
| 电子资源: | ||
| ISBN: | 978-7-5113-7262-8 | |
| 000 | 00719nam0 2200241 45 | |
| 001 | 012001008260 | |
| 005 | 20130122133531.0 | |
| 010 | @a978-7-5113-7262-8@dCNY46.00 | |
| 100 | @a20180402d2018 em y0chiy50 ea | |
| 101 | 0 | @achi |
| 102 | @aCN@b110000 | |
| 105 | @aa z 000fy | |
| 106 | @ar | |
| 200 | 1 | @a古希腊神话故事@9gu xi la shen hua gu shi@b专著@f刘世洁等编著 |
| 210 | @a北京@c中国华侨出版社@d2018 | |
| 215 | @a261页@c彩图@d21cm | |
| 312 | @a封面英文题名:Ancient Greek mythology | |
| 510 | 1 | @aAncient Greek mythology@zeng |
| 606 | 0 | @a神话@x作品集@x古希腊 |
| 690 | @aI17(198.4)@v5 | |
| 701 | 0 | @a刘世洁@9liu shi jie@4编著 |
| 801 | 2 | @aCN@b上海新华@c20191020 |
| 905 | @b1134616-9@dI17(198.4)@e529@f4 | |
| 古希腊神话故事/刘世洁等编著.-北京:中国华侨出版社,2018 |
| 261页:彩图;21cm |
| ISBN 978-7-5113-7262-8:CNY46.00 |
| ● |
| 相关链接 |
|
|
|
|
正题名:古希腊神话故事
索取号:I17(198.4)/529
 
预约/预借
| 序号 | 登录号 | 条形码 | 馆藏地/架位号 | 状态 | 备注 |
| 1 | 1134616 | 211346168 | 第一样本阅览室/ [索取号:I17(198.4)/529] | 在馆 | |
| 2 | 1134617 | 211346177 | 第二借阅区/ [索取号:I17(198.4)/529] | 在馆 | |
| 3 | 1134618 | 211346186 | 第二借阅区/ [索取号:I17(198.4)/529] | 在馆 | |
| 4 | 1134619 | 211346195 | 第二借阅区/ [索取号:I17(198.4)/529] | 在馆 |